000 00334nam a22001457a 4500
008 210308b ||||| |||| 00| 0 eng d
020 _a0070065063
041 _aeng
080 _a004
082 _2004
100 _a28
101 _aSHKI
245 _aThe Design of Complex information systems
_cGrayce M. Booth
942 _2udc
_cBK
999 _c56004
_d56004